Radiohead Lyrics - No Hints #5 - Statistics

General Stats
  • This quiz has been taken 98 times
  • The average score is 21 of 62
Answer Stats
Answer % Correct
and
72%
and
72%
and
72%
and
72%
in
57%
on
57%
to
54%
I'm
49%
I'm
49%
your
48%
your
48%
your
48%
your
48%
your
48%
not
46%
my
45%
dont
39%
dont
39%
dont
39%
dont
39%
dont
39%
dont
39%
love
33%
love
33%
just
32%
just
32%
just
32%
just
32%
leave
32%
leave
32%
leave
32%
leave
32%
leave
32%
leave
32%
I'll
30%
I'll
30%
have
28%
true
28%
true
28%
waits
28%
like
26%
time
26%
killing
20%
attics
19%
babies
19%
beliefs
19%
dress
19%
haunted
19%
living
19%
lollipops
19%
swollen
19%
drown
17%
feet
17%
lives
17%
niece
17%
wash
17%
crazy
16%
crisps
16%
kitten
16%
smile
16%
tiny
16%
hands
14%
No matching quizzes found
Score Distribution
Percent of People with Each Score
Percentile by Number Answered
Your Score History
You have not taken this quiz